000 00581 a2200241 4500
020 _a978019-9599592
041 _aEng
082 _a541
_bAt52p
100 _aAtkins, Peter
100 _aPaula, Julio De
245 _aAtkins' Physical chemistry
250 _a9th
260 _aOxford:
_bOxford University Press,
_c2010
300 _axxix, 972p.
_b illus.
650 _aMoleculars
650 _aCells
650 _aDynamics
650 _aBiochemistry
650 _aQuantum theory
650 _aQuantum mechaniques
653 _aPhysical chemistry
942 _2ddc
_cGEN
999 _c71879
_d71868